Fein Lázárné szül. Blancz Sarolta [gyászjelentés]
Elmentve itt :
| Dokumentumtípus: | Cikk |
|---|---|
| Megjelent: |
1937-01-29
|
| Sorozat: | Délmagyarország
13 No. 23 |
| Kulcsszavak: | Fein Lázárné Blancz Sarolta, Gyászjelentés |
| Online Access: | http://dmarchiv.bibl.u-szeged.hu/40396 |
| LEADER | 00461nab a2200145 i 4500 | ||
|---|---|---|---|
| 001 | delm40396 | ||
| 005 | 20180927130029.0 | ||
| 008 | 180927s1937 hu o 0|| hun d | ||
| 040 | |a SZTE Délmagyarország Archívum |b hun | ||
| 041 | |a hun | ||
| 245 | 0 | 0 | |a Fein Lázárné szül. Blancz Sarolta |h [elektronikus dokumentum] : |b [gyászjelentés] |
| 260 | |c 1937-01-29 | ||
| 300 | |a 7 | ||
| 490 | 0 | |a Délmagyarország |v 13 No. 23 | |
| 695 | |a Fein Lázárné Blancz Sarolta, Gyászjelentés | ||